书目信息 |
| 题名: |
龙虫并雕斋文集
|
|
| 作者: | 王力 著 | |
| 分册: | 第一册 | |
| 出版信息: | 北京 中华书局 1980 |
|
| 页数: | 483页 | |
| 开本: | 20cm | |
| 丛书名: | ||
| 单 册: | ||
| 中图分类: | H0 | |
| 科图分类: | ||
| 主题词: | 语言学 | |
| 电子资源: | ||
| ISBN: | ||
| 000 | 00508nam0 2200193 45 | |
| 001 | 0303200886 | |
| 005 | 20060622162845.95 | |
| 010 | @dCNY2.90(全二册) | |
| 091 | @a10018.362 | |
| 100 | @a20030320d1980 km y0chiy0120 ea | |
| 101 | 0 | @achi |
| 200 | 1 | @a龙虫并雕斋文集@ALong Chong Bing Diao Zhai Wen Ji@h第一册@f王力著@Fwang li zhu |
| 210 | @a北京@c中华书局@d1980 | |
| 215 | @a483页@d20cm | |
| 606 | 0 | @a语言学 |
| 690 | @aH0@v3 | |
| 701 | 0 | @a王力@Awang li@4著 |
| 801 | @aCN@bTSTC@c20060622 | |
| 905 | @dH0@e12:1 | |
| 龙虫并雕斋文集.第一册/王力著.-北京:中华书局,1980 |
| 483页;20cm |
| ISBN :CNY2.90(全二册) |
| ● |
| 相关链接 |
|
|
|
|
正题名:龙虫并雕斋文集
索取号:H0/12:1
 
预约/预借
| 序号 | 登录号 | 条形码 | 馆藏地/架位号 | 状态 | 备注 |
| 1 | 0048962 | 001909466 | 密集书库/ [索取号:H0/12:1] | 在馆 | |
| 2 | 0048963 | 001892919 | 密集书库/ [索取号:H0/12:1] | 在馆 | |
| 3 | 0048964 | 001892928 | 密集书库/ [索取号:H0/12:1] | 在馆 | |
| 4 | 0048965 | 000816497 | 第四借阅区/ [索取号:H0/12:1] | 在馆 | |
| 5 | 0048966 | 000816488 | 第二样本阅览室/ [索取号:H0/12:1] | 在馆 | |
| 6 | 0048967 | 202298637 | 密集书库/ [索取号:H0/12:1] | 在馆 | |
| 7 | 0048968 | 000816503 | 密集书库/ [索取号:H0/12:1] | 在馆 | |
| 8 | 0048969 | 202298673 | 密集书库/ [索取号:H0/12:1] | 在馆 | |
| 9 | 0067405 | 202298664 | 密集书库/ [索取号:H0/12:1] | 在馆 | |
| 10 | 0067406 | 001768590 | 密集书库/ [索取号:H0/12:1] | 在馆 | |
| 11 | 0067407 | 001892875 | 密集书库/ [索取号:H0/12:1] | 在馆 | |
| 12 | 0067408 | 001892884 | 密集书库/ [索取号:H0/12:1] | 在馆 | |
| 13 | 0067409 | 202298708 | 密集书库/ [索取号:H0/12:1] | 在馆 | |
| 14 | 0213019 | 202298744 | 密集书库/ [索取号:H0/12:1] | 在馆 | |
| 15 | 0420965 | 204209659 | 密集书库/ [索取号:H0/12:1] | 在馆 |